| 000 | 01549cad a22002775a 4500 | ||
|---|---|---|---|
| 001 | L147100 | ||
| 008 | 090401e20090330xxk f l f000 0 eng d | ||
| 020 | _a9780117540057 | ||
| 035 | _a(Sirsi) u147100 | ||
| 041 | 0 | _aeng | |
| 050 | 0 | 4 | _a711.1 $2 18 |
| 110 | 2 |
_aUnited Kingdom _bDepartment for Communities and Local Government _94939 |
|
| 245 | 0 | 4 |
_aThe Town and Country Planning (Consultation) (England) Direction 2009 _h[electronic resource] |
| 260 |
_aLondon _bDCLG _c2009 |
||
| 490 | 0 |
_aDCLG Circular _v02/2009 |
|
| 520 | _aEstablishes the requirement of the Circular Town and Country Planning (Consultation) (England) Direction 2009. The Direction sets out the requirement for local planning authorities to consult the Secretary of State before granting planning permission for certain types of development. Replaces provisions included in existing directions and introduce a new requirement for developments which may have an adverse impact on World Heritage Sites. Comes into force on 20 April 2009. | ||
| 521 | _aAdvanced | ||
| 590 | _aKA NTK | ||
| 650 | 2 | 4 | _aTOWN AND COUNTRY PLANNING (CONSULTATION) (ENGLAND) DIRECTION 2009 |
| 650 | 2 | 4 | _aTOWN AND COUNTRY PLANNING (GENERAL DEVELOPMENT PROCEDURE) ORDER 1995 |
| 650 | 2 | 4 | _aTOWN AND COUNTRY PLANNING ACT 1990 |
| 651 | 4 |
_aEngland and Wales _y1543- |
|
| 690 |
_aPlanning and development _96259 |
||
| 856 | 4 | 0 |
_uhttps://www.communities.gov.uk/publications/planningandbuilding/circularconsultationdirect _zView the item free of charge online at www.communities.gov.uk... |
| 942 | _n0 | ||
| 999 |
_c109447 _d109447 |
||